<?xml version="1.0" encoding="UTF-8"?>
<record
    xmlns:xsi="http://www.w3.org/2001/XMLSchema-instance"
    xsi:schemaLocation="http://www.loc.gov/MARC21/slim http://www.loc.gov/standards/marcxml/schema/MARC21slim.xsd"
    xmlns="http://www.loc.gov/MARC21/slim">

  <leader>00771nam a22001577a 4500</leader>
  <controlfield tag="003">LRUA</controlfield>
  <controlfield tag="005">20200807143831.0</controlfield>
  <controlfield tag="008">191211b        xxu||||| |||| 00| 0 eng d</controlfield>
  <datafield tag="040" ind1=" " ind2=" ">
    <subfield code="c">RUA</subfield>
  </datafield>
  <datafield tag="082" ind1=" " ind2=" ">
    <subfield code="a">LMA  ENG 2017 B652 Or.1</subfield>
  </datafield>
  <datafield tag="100" ind1=" " ind2=" ">
    <subfield code="9">14045</subfield>
    <subfield code="a">ENG RATHANA &#x17A2;&#x17C2;&#x1784; &#x179A;&#x178F;&#x1793;&#x17B6;</subfield>
  </datafield>
  <datafield tag="245" ind1=" " ind2=" ">
    <subfield code="a"> study on the resolutions for infoemal settlement in sangkat sombour meas, krong kampong cham province &#x179F;&#x17B7;&#x1780;&#x17D2;&#x179F;&#x17B6;&#x179A;&#x1796;&#x17B8;&#x178A;&#x17C6;&#x178E;&#x17C4;&#x17C7;&#x179F;&#x17D2;&#x179A;&#x179F;&#x17B6;&#x1799;&#x179F;&#x1798;&#x17D2;&#x179A;&#x17B6;&#x1794;&#x17CB;&#x179F;&#x17C6;&#x178E;&#x1784;&#x17CB;&#x1794;&#x178E;&#x17D2;&#x178F;&#x17C4;&#x17C7;&#x17A2;&#x17B6;&#x179F;&#x1793;&#x17D2;&#x1793;&#x179F;&#x17D2;&#x1790;&#x17B7;&#x178F;&#x1793;&#x17C5;&#x179F;&#x1784;&#x17D2;&#x1780;&#x17B6;&#x178F;&#x17CB;&#x179F;&#x17C6;&#x1794;&#x17BD;&#x179A;&#x1798;&#x17B6;&#x179F; &#x1780;&#x17D2;&#x179A;&#x17BB;&#x1784;&#x1780;&#x17C6;&#x1796;&#x1784;&#x17CB;&#x1785;&#x17B6;&#x1798; &#x1781;&#x17C1;&#x178F;&#x17D2;&#x178F;&#x1780;&#x17C6;&#x1796;&#x1784;&#x17CB;&#x1785;&#x17B6;&#x1798; </subfield>
  </datafield>
  <datafield tag="260" ind1=" " ind2=" ">
    <subfield code="a">RUA</subfield>
    <subfield code="b">PHnom penh</subfield>
    <subfield code="c">2017</subfield>
  </datafield>
  <datafield tag="300" ind1=" " ind2=" ">
    <subfield code="a">xiii;54p</subfield>
    <subfield code="b">ill;</subfield>
    <subfield code="c">29cm</subfield>
  </datafield>
  <datafield tag="942" ind1=" " ind2=" ">
    <subfield code="2">ddc</subfield>
    <subfield code="c">LMA</subfield>
  </datafield>
  <datafield tag="999" ind1=" " ind2=" ">
    <subfield code="c">18501</subfield>
    <subfield code="d">18501</subfield>
  </datafield>
  <datafield tag="952" ind1=" " ind2=" ">
    <subfield code="0">0</subfield>
    <subfield code="1">0</subfield>
    <subfield code="2">ddc</subfield>
    <subfield code="4">0</subfield>
    <subfield code="6">LMA_ENG_2017_000000000000000_B652_OR_1</subfield>
    <subfield code="7">0</subfield>
    <subfield code="9">82632</subfield>
    <subfield code="a">LBB</subfield>
    <subfield code="b">LBB</subfield>
    <subfield code="c">B652</subfield>
    <subfield code="d">2019-12-11</subfield>
    <subfield code="l">1</subfield>
    <subfield code="o">LMA  ENG 2017 B652 Or.1</subfield>
    <subfield code="p">A063567</subfield>
    <subfield code="r">2022-12-09</subfield>
    <subfield code="s">2022-11-28</subfield>
    <subfield code="w">2019-12-11</subfield>
    <subfield code="y">LMA</subfield>
  </datafield>
  <datafield tag="952" ind1=" " ind2=" ">
    <subfield code="0">0</subfield>
    <subfield code="1">0</subfield>
    <subfield code="2">ddc</subfield>
    <subfield code="4">0</subfield>
    <subfield code="6">LMA_ENG_2017_000000000000000_B652_OR_2</subfield>
    <subfield code="7">0</subfield>
    <subfield code="9">82633</subfield>
    <subfield code="a">LBB</subfield>
    <subfield code="b">LBB</subfield>
    <subfield code="c">B652</subfield>
    <subfield code="d">2019-12-11</subfield>
    <subfield code="l">3</subfield>
    <subfield code="o">LMA  ENG 2017 B652 Or.2</subfield>
    <subfield code="p">A063923</subfield>
    <subfield code="r">2020-10-02</subfield>
    <subfield code="s">2020-08-11</subfield>
    <subfield code="w">2019-12-11</subfield>
    <subfield code="y">LMA</subfield>
  </datafield>
  <datafield tag="952" ind1=" " ind2=" ">
    <subfield code="0">0</subfield>
    <subfield code="1">0</subfield>
    <subfield code="2">ddc</subfield>
    <subfield code="4">0</subfield>
    <subfield code="6">LMA_ENG_2017_000000000000000_B652_OR_3</subfield>
    <subfield code="7">0</subfield>
    <subfield code="9">82634</subfield>
    <subfield code="a">LBB</subfield>
    <subfield code="b">LBB</subfield>
    <subfield code="c">B652</subfield>
    <subfield code="d">2019-12-11</subfield>
    <subfield code="l">2</subfield>
    <subfield code="o">LMA  ENG 2017 B652 Or.3</subfield>
    <subfield code="p">A063627</subfield>
    <subfield code="r">2020-08-11</subfield>
    <subfield code="s">2020-06-02</subfield>
    <subfield code="w">2019-12-11</subfield>
    <subfield code="y">LMA</subfield>
  </datafield>
  <datafield tag="952" ind1=" " ind2=" ">
    <subfield code="0">0</subfield>
    <subfield code="1">0</subfield>
    <subfield code="2">ddc</subfield>
    <subfield code="4">0</subfield>
    <subfield code="6">LMA_ENG_2017_000000000000000_B652_OR_4</subfield>
    <subfield code="7">0</subfield>
    <subfield code="9">82635</subfield>
    <subfield code="a">LBB</subfield>
    <subfield code="b">LBB</subfield>
    <subfield code="c">B652</subfield>
    <subfield code="d">2019-12-11</subfield>
    <subfield code="l">2</subfield>
    <subfield code="o">LMA  ENG 2017 B652 Or.4</subfield>
    <subfield code="p">A063733</subfield>
    <subfield code="r">2021-12-07</subfield>
    <subfield code="s">2021-11-23</subfield>
    <subfield code="w">2019-12-11</subfield>
    <subfield code="y">LMA</subfield>
  </datafield>
  <datafield tag="952" ind1=" " ind2=" ">
    <subfield code="0">0</subfield>
    <subfield code="1">0</subfield>
    <subfield code="2">ddc</subfield>
    <subfield code="4">0</subfield>
    <subfield code="6">LMA_ENG_2017_000000000000000_B652_OR_5</subfield>
    <subfield code="7">0</subfield>
    <subfield code="9">82636</subfield>
    <subfield code="a">LBB</subfield>
    <subfield code="b">LBB</subfield>
    <subfield code="c">B652</subfield>
    <subfield code="d">2019-12-11</subfield>
    <subfield code="o">LMA  ENG 2017 B652 Or.5</subfield>
    <subfield code="p">A043863</subfield>
    <subfield code="r">2019-12-11</subfield>
    <subfield code="w">2019-12-11</subfield>
    <subfield code="y">LMA</subfield>
  </datafield>
  <datafield tag="952" ind1=" " ind2=" ">
    <subfield code="0">0</subfield>
    <subfield code="1">0</subfield>
    <subfield code="2">ddc</subfield>
    <subfield code="4">0</subfield>
    <subfield code="6">LMA_ENG_2017_000000000000000_B652_OR_6</subfield>
    <subfield code="7">0</subfield>
    <subfield code="9">82638</subfield>
    <subfield code="a">LBB</subfield>
    <subfield code="b">LBB</subfield>
    <subfield code="d">2019-12-11</subfield>
    <subfield code="l">1</subfield>
    <subfield code="o">LMA  ENG 2017 B652 Or.6</subfield>
    <subfield code="p">A063809</subfield>
    <subfield code="r">2020-10-19</subfield>
    <subfield code="s">2020-08-07</subfield>
    <subfield code="w">2019-12-11</subfield>
    <subfield code="y">LMA</subfield>
  </datafield>
  <datafield tag="952" ind1=" " ind2=" ">
    <subfield code="0">0</subfield>
    <subfield code="1">0</subfield>
    <subfield code="2">ddc</subfield>
    <subfield code="4">0</subfield>
    <subfield code="6">LMA_ENG_2017_000000000000000_B652_OR_7</subfield>
    <subfield code="7">0</subfield>
    <subfield code="9">82639</subfield>
    <subfield code="a">LBB</subfield>
    <subfield code="b">LBB</subfield>
    <subfield code="c">B652</subfield>
    <subfield code="d">2019-12-11</subfield>
    <subfield code="l">2</subfield>
    <subfield code="o">LMA  ENG 2017 B652 Or.7</subfield>
    <subfield code="p">A063863</subfield>
    <subfield code="r">2026-02-18</subfield>
    <subfield code="s">2026-02-03</subfield>
    <subfield code="w">2019-12-11</subfield>
    <subfield code="y">LMA</subfield>
  </datafield>
</record>
